Good talk : (Record no. 128968)

MARC details
000 -LEADER
fixed length control field 01692pam a2200361 a 4500
001 - CONTROL NUMBER
control field fol19711411
003 - CONTROL NUMBER IDENTIFIER
control field ICrlF
005 - DATE AND TIME OF LATEST TRANSACTION
control field 20250904223928.0
008 - FIXED-LENGTH DATA ELEMENTS--GENERAL INFORMATION
fixed length control field 200318t20202019nyua 6 000 0deng d
020 ## - INTERNATIONAL STANDARD BOOK NUMBER
International Standard Book Number 9780399589065
035 ## - SYSTEM CONTROL NUMBER
System control number (ICrlF)1610KD
040 ## - CATALOGING SOURCE
Original cataloging agency ICrlF
Language of cataloging eng
Transcribing agency ICrlF
Modifying agency ICrlF
043 ## - GEOGRAPHIC AREA CODE
Geographic area code n-us---
050 #4 - LIBRARY OF CONGRESS CALL NUMBER
Classification number PS3610.A356415
Item number Z46 2020
082 04 - DEWEY DECIMAL CLASSIFICATION NUMBER
Classification number 813/.6
Edition number 23
100 1# - MAIN ENTRY--PERSONAL NAME
Personal name Jacob, Mira,
Dates associated with a name 1973-
9 (RLIN) 43239
245 10 - TITLE STATEMENT
Title Good talk :
Remainder of title a memoir in conversations /
Statement of responsibility, etc Mira Jacob.
250 ## - EDITION STATEMENT
Edition statement 2002 One World trade pbk. ed.
260 ## - PUBLICATION, DISTRIBUTION, ETC. (IMPRINT)
Place of publication, distribution, etc New York :
Name of publisher, distributor, etc One World,
Date of publication, distribution, etc 2020.
260 ## - PUBLICATION, DISTRIBUTION, ETC. (IMPRINT)
Date of publication, distribution, etc �2019
300 ## - PHYSICAL DESCRIPTION
Extent 355 p. :
Other physical details chiefly ill. (some col.) ;
Dimensions 21 cm.
510 3# - CITATION/REFERENCES NOTE
Name of source New York Times, December 2019
520 ## - SUMMARY, ETC.
Summary, etc "Like many six-year-olds, Mira Jacob's half-Jewish, half-Indian son, Z, has questions about everything. At first they are innocuous enough, but as tensions from the 2016 election spread from the media into his own family, they become much, much more complicated. Trying to answer him honestly, Mira has to think back to where she's gotten her own answers: her most formative conversations about race, color, sexuality, and, of course, love"--Amazon.com.
521 2# - TARGET AUDIENCE NOTE
Target audience note Adult
Source Follett School Solutions.
600 10 - SUBJECT ADDED ENTRY--PERSONAL NAME
Personal name Jacob, Mira,
Dates associated with a name 1973-
Form subdivision Comic books, strips, etc.
9 (RLIN) 43240
650 #0 - SUBJECT ADDED ENTRY--TOPICAL TERM
Topical term or geographic name as entry element Women authors, American
Form subdivision Biography
-- Comic books, strips, etc.
9 (RLIN) 43241
650 #0 - SUBJECT ADDED ENTRY--TOPICAL TERM
Topical term or geographic name as entry element Asian American authors
Form subdivision Biography
-- Comic books, strips, etc.
9 (RLIN) 43242
655 #7 - INDEX TERM--GENRE/FORM
Genre/form data or focus term Autobiographical comics.
Source of term lcgft
655 #7 - INDEX TERM--GENRE/FORM
Genre/form data or focus term Nonfiction comics.
Source of term lcgft
655 #7 - INDEX TERM--GENRE/FORM
Genre/form data or focus term Comics (Graphic works)
Source of term lcgft
940 ## - EQUIVALENCE OR CROSS-REFERENCE--UNIFORM TITLE [OBSOLETE] [CAN/MARC only]
-- Adult
Date of treaty signing 10/25/24
Version New York Times, December 2019
-- FSS
942 ## - ADDED ENTRY ELEMENTS (KOHA)
Koha item type Book
Holdings
Withdrawn status Lost status Source of classification or shelving scheme Damaged status Not for loan Home library Current library Date acquired Total Checkouts Full call number Barcode Date last seen Date checked out Price effective from Koha item type
  Available Dewey Decimal Classification     Martha's Vineyard High School Library Martha's Vineyard High School Library 11/07/2024 1 GRAPHIC/921/JAC 39844500061581 10/28/2025 02/13/2025 11/07/2024 Graphic Novel